[Event "Koltsovo op"]
[Site "Koltsovo"]
[Date "2014.07.04"]
[Round "7"]
[White "Gorbunov, Grigory"]
[Black "Furmanov, Ivan"]
[Result "1-0"]
[WhiteElo "1899"]
[BlackElo "1719"]
[PlyCount "39"]
[EventDate "2014.06.28"]
[EventType "swiss"]
[EventRounds "9"]
[EventCountry "RUS"]
[SourceTitle "CBM 161 Extra"]
[Source "ChessBase"]
[SourceDate "2014.08.29"]
[SourceVersion "1"]
[SourceVersionDate "2014.08.29"]
[SourceQuality "1"]

1. c4 Nf6 2. d4 d5 3. Nc3 Nc6 4. cxd5 Nxd5 5. e4 Nxc3 6. bxc3 e6 7. Bb5 Bd7 8. Nf3 a6 9. Be2 Be7 10. 0-0 f5 11. d5 Na7 12. exf5 exf5 13. Qb3 Bf6 14. Ba3 Nb5 15. Bxb5 axb5 16. d6 Bc6 17. Rfe1+ Be4 18. Qe6+ Be7 19. Ne5 Rf8 20. dxe7 1-0

[Event "Koltsovo op"]
[Site "Koltsovo"]
[Date "2014.06.28"]
[Round "1"]
[White "Gorbunov, Grigory"]
[Black "Khegay, Dmitriy"]
[Result "0-1"]
[WhiteElo "1899"]
[BlackElo "2388"]
[PlyCount "52"]
[EventDate "2014.06.28"]
[EventType "swiss"]
[EventRounds "9"]
[EventCountry "RUS"]
[SourceTitle "CBM 161 Extra"]
[Source "ChessBase"]
[SourceDate "2014.08.29"]
[SourceVersion "1"]
[SourceVersionDate "2014.08.29"]
[SourceQuality "1"]

1. c4 e6 2. Nc3 d5 3. d4 c6 4. Nf3 dxc4 5. a4 Bb4 6. e3 b5 7. Bd2 a5 8. axb5 Bxc3 9. bxc3 cxb5 10. Be2 Nf6 11. 0-0 0-0 12. Ne5 Nfd7 13. f4 f6 14. Ng4 f5 15. Ne5 Nxe5 16. fxe5 Bb7 17. Bf3 Bd5 18. g4 Nc6 19. gxf5 Qg5+ 20. Kh1 Qxf5 21. Bxd5 Qxf1+ 22. Qxf1 Rxf1+ 23. Rxf1 exd5 24. e4 dxe4 25. Bf4 Ne7 26. Bg3 Nd5 0-1

[Event "Abakan Sayany op"]
[Site "Abakan"]
[Date "2013.08.08"]
[Round "7"]
[White "Katanova, Marina"]
[Black "Gorbunov, Grigory"]
[Result "1/2-1/2"]
[WhiteElo "1933"]
[BlackElo "1865"]
[PlyCount "75"]
[EventDate "2013.08.02"]
[EventType "swiss"]
[EventRounds "9"]
[EventCountry "RUS"]
[SourceTitle "CBM 155 Extra"]
[Source "ChessBase"]
[SourceDate "2013.08.26"]
[SourceVersion "1"]
[SourceVersionDate "2013.08.26"]
[SourceQuality "1"]

1. d4 d6 2. Nf3 Nf6 3. c4 g6 4. Nc3 Bg7 5. e4 0-0 6. Be3 e5 7. dxe5 dxe5 8. Qxd8 Rxd8 9. Nd5 Nxd5 10. cxd5 c6 11. Bc4 cxd5 12. Bxd5 Nc6 13. 0-0 h6 14. Rfd1 Bg4 15. Rac1 Rac8 16. Bxc6 Rxd1+ 17. Rxd1 Rxc6 18. h3 Be6 19. Rd8+ Kh7 20. Rb8 Rc7 21. Bxa7 Bxa2 22. b4 Rd7 23. Re8 f6 24. Be3 Bb3 25. Nd2 Bf7 26. Rc8 f5 27. g3 Be6 28. Re8 Bf7 29. Rc8 Bf6 30. Kh2 Kg7 31. b5 Be6 32. Rc2 Rf7 33. f3 Bd8 34. Kg2 f4 35. gxf4 exf4 36. Bd4+ Bf6 37. e5 Bd8 38. Ne4 1/2-1/2

[Event "Abakan Sayany op"]
[Site "Abakan"]
[Date "2013.08.04"]
[Round "3"]
[White "Kuzmin, Mikhail"]
[Black "Gorbunov, Grigory"]
[Result "0-1"]
[WhiteElo "2142"]
[BlackElo "1865"]
[PlyCount "100"]
[EventDate "2013.08.02"]
[EventType "swiss"]
[EventRounds "9"]
[EventCountry "RUS"]
[SourceTitle "CBM 155 Extra"]
[Source "ChessBase"]
[SourceDate "2013.08.26"]
[SourceVersion "1"]
[SourceVersionDate "2013.08.26"]
[SourceQuality "1"]

1. e4 d5 2. Nc3 c6 3. d4 dxe4 4. Nxe4 Bf5 5. Ng3 Bg6 6. c3 Nf6 7. Nf3 Nbd7 8. Bc4 e6 9. 0-0 Be7 10. Nh4 0-0 11. Re1 Nd5 12. Nxg6 hxg6 13. Bxd5 cxd5 14. Bf4 Nf6 15. Be5 Qd7 16. f3 Ne8 17. Re2 Nd6 18. Bxd6 Bxd6 19. Nf1 Rfc8 20. Ne3 b5 21. a3 a5 22. Qd3 Bf4 23. Ng4 Rab8 24. g3 Bd6 25. f4 b4 26. axb4 axb4 27. Ne3 bxc3 28. bxc3 Rb3 29. Nd1 Rcb8 30. Rea2 Qb5 31. Qxb5 R3xb5 32. Kf2 Kh7 33. h3 Be7 34. Ra7 R5b7 35. Rxb7 Rxb7 36. Ke3 g5 37. Kd3 gxf4 38. gxf4 Bd6 39. Ke3 Kg6 40. Nf2 Kf6 41. h4 Rb3 42. Rc1 Rb2 43. Ng4+ Kf5 44. Ne5 f6 45. Rf1 Rh2 46. Nf3 Bxf4+ 47. Kd3 Rh3 48. c4 e5 49. dxe5 fxe5 50. Ke2 dxc4 0-1